000 00994nam0a22002411i 4500
001 rc\3241504
005 20240723212201.0
021 _aRU
_b[73-10431а]
035 _a(NLR Aleph) 007375913
090 _a6455809
_c6455809
100 _a20130115d1973 |||y0rusy50 ca
101 0 _arus
102 _aRU
105 _ay d |||||
200 1 _aСовременный антикоммунизм: его сущность и идейно-политические основы
_e(Системно-методол. и критич. анализ)
_eАвтореф. дис. на соиск. учен. степени д-ра филос. наук
_e(09.00.02)
_fВоен.-полит. акад. им. В.И. Ленина
210 _aМосква
_d1973
215 _a51 с.
320 _aСписок работ авт.: с. 51
700 1 _aХватков
_bГ.Н.
_gГеннадий Николаевич
801 0 _aRU
_bNLR
_gpsbo
801 1 _aRU
_bELAR
_2rusmarc
852 _aNLR
_j73-4/28107
942 _cBOOK